Java how to program: (Record no. 157944)

MARC details
000 -LEADER
fixed length control field 00672nam a22002177a 4500
005 - DATE AND TIME OF LATEST TRANSACTION
control field 20181011143358.0
010 ## - LCCN (DPL NO)
LC control number ENG-124238
020 ## - INTERNATIONAL STANDARD BOOK NUMBER
International Standard Book Number 9789353062033
Terms of availability 909.00
035 ## - SYSTEM CONTROL NUMBER
System control number EN-107770
037 ## - SOURCE OF ACQUISITION
Source of stock number/acquisition DBAD/PUB
082 ## - DEWEY DECIMAL CLASSIFICATION NUMBER
Classification number 005.2762
100 ## - MAIN ENTRY--PERSONAL NAME
Personal name Deitel, Paul
245 ## - TITLE STATEMENT
Title Java how to program:
Remainder of title early objects /
Statement of responsibility, etc by Paul Deitel [and] Harvey Deitel
250 ## - EDITION STATEMENT
Edition statement 11th ed.
260 ## - PUBLICATION, DISTRIBUTION, ETC. (IMPRINT)
Place of publication, distribution, etc Noida
Name of publisher, distributor, etc Pearson
Date of publication, distribution, etc 2018
270 ## - ADDRESS
Address 15th Floor, Tower B, Worls Trade Tower, Plot No.1, Block -C
City Noida (UP)
Postal code 201301
300 ## - PHYSICAL DESCRIPTION
Extent 1286p.
Dimensions 25cm.(pbk)
Other physical details ill.
500 ## - GENERAL NOTE
General note It includes index
700 ## - ADDED ENTRY--PERSONAL NAME
Personal name Deitel, Harvey
942 ## - ADDED ENTRY ELEMENTS (KOHA)
Source of classification or shelving scheme Dewey Decimal Classification
Item type English Books
Classification part 005.2762
Call number suffix DEI
Holdings
Withdrawn status Lost status Not for loan Collection code Home library Current library Date acquired Source of acquisition Cost, normal purchase price Full call number Barcode Copy number Cost, replacement price Koha item type
    Not For Loan Non-fiction D.B.Act.Division Patel Nagar 11/10/2018 DBAD/PUB 909.00 005.2762 DEI EN-107770 1 909.00 English Books

© Delhi Public Library
Hit Counter
free hit counter